| 000 | 00529cam a22001811 4500 | ||
|---|---|---|---|
| 082 |
_a355 _bGWY _cL-30, P-38 |
||
| 100 | 1 |
_aGwynn, Charles William, _948642 |
|
| 245 | 1 | 0 | _aImperial policing. |
| 250 | _a[2d ed.] | ||
| 260 |
_aLondon, _bMacmillan, _c1939. |
||
| 300 |
_a417 p. _billus. _c22 cm. |
||
| 526 |
_a0 _b0 _c0 _d355_000000000000000_GWY |
||
| 526 |
_a0 _b0 _c0 _d355_000000000000000_GWY |
||
| 650 | 0 |
_aMCE _9379 |
|
| 650 | 0 |
_aMilitary occupation. _948643 |
|
| 650 | 0 |
_aRiots _zGreat Britain _xColonies. _948644 |
|
| 942 |
_2ddc _cBK |
||
| 999 |
_c551509 _d551509 |
||